Statystyki dla Wszystkie Powiaty Powyżej 100 tys. mieszkańców

Kliknij tutaj aby rozwiązać quiz!

Ogólne statystyki

  • Ten quiz został rozwiązany 57 razy
  • Średni wynik to 36 z 77

Statystyki odpowiedzi

PopulacjaNazwa Powiatu% Poprawnych
134 555Częstochowski
82%
149 611Białostocki
80%
172 941Rzeszowski
80%
103 167Gdański
76%
251 836Krakowski
76%
156 493Lubelski
76%
126 781Olsztyński
76%
135 081Opolski
76%
182 778Wrocławski
76%
344 752Poznański
74%
101 578Toruński
74%
151 955Radomski
72%
115 528Gliwicki
68%
201 230Tarnowski
68%
165 960Bielski
66%
208 798Kielecki
66%
160 776Pruszkowski
62%
111 038Płocki
60%
214 999Nowosądecki
58%
113 242Legionowski
54%
135 928Pilski
54%
107 565Zamojski
54%
129 715Koniński
52%
119 518Pabianicki
52%
123 120Otwocki
50%
177 007Piaseczyński
50%
112 916Bełchatowski
48%
160 216Inowrocławski
48%
161 763Ostrowski
48%
120 144Warszawski Zachodni
48%
112 507Bialski
46%
178 191Cieszyński
46%
112 117Krośnieński
46%
106 319Lubiński
46%
165 130Zgierski
46%
121 598Raciborski
44%
118 671Tomaszowski
44%
209 407Wejherowski
44%
121 534Wielicki
44%
153 187Żywiecki
44%
153 486Oświęcimski
42%
143 535Stargardzki
42%
115 896Tczewski
42%
145 085Gnieźnieński
40%
136 393Nyski
40%
119 268Sieradzki
40%
159 633Świdnicki
40%
105 416Bocheński
38%
135 293Dębicki
38%
151 520Miński
38%
157 831Wodzisławski
38%
241 890Wołomiński
38%
119 101Zawierciański
38%
150 103Będziński
36%
162 465Kłodzki
36%
136 263Mielecki
36%
123 664Chrzanowski
32%
109 852Pszczyński
32%
107 946Stalowowolski
32%
138 837Tarnogórski
32%
111 259Kędzierzyńsko-Kozielski
30%
127 289Starogardzki
30%
159 538Wadowicki
30%
129 699Limanowski
28%
125 020Myślenicki
28%
106 486Oleśnicki
28%
114 198Puławski
28%
115 125Radomszczański
28%
114 773Jasielski
26%
128 925Kartuski
26%
121 508Jarosławski
24%
102 077Dzierżoniowski
22%
108 740Garwoliński
22%
109 140Gorlicki
22%
101 949Biłgorajski
20%
108 597Łukowski
20%
106 023Ostródzki
16%

Rozkład punktacji

Percentyl według liczby udzielonych odpowiedzi

Procent ludzi z każdym wynikiem

Twoja historia wyników

Nie rozwiązałeś tego quizu